| 000 | 00719nam a2200205Ii 4500 | ||
|---|---|---|---|
| 003 | JO-AjNU | ||
| 008 | 230605s9999||||xx |||||||||||||| ||und|| | ||
| 040 |
_aJO-AjNU _bara _erda _cJO-AjNU |
||
| 041 | _aara | ||
| 050 | 1 | 4 | _aHG1615 2013 |
| 100 | 3 |
_aسعيد، عبد السلام لفته , _eauthor _961752 |
|
| 245 | 0 | 0 | _aإدارة المصارف وخصوصية العمل المصرفي |
| 250 | _aط1 | ||
| 264 | 3 | 1 | _aبغداد: الذاكرة للنشر والتوزيع،2013 |
| 300 | _a336ص | ||
| 336 |
_atext _btxt _2rdacontent |
||
| 337 |
_aunmediated _bn _2rdamedia |
||
| 338 |
_avolume _bnc _2rdacarrier |
||
| 650 | 4 |
_aالبنوك-التسليف-الودائع البنكية-استثمارات _961753 |
|
| 999 |
_aA27929 _c31497 _d31497 |
||